Supplement zu Hain und Panzer. Beiträge zur Inkunabelbibliographie. Nummernconcordanz von Panzers lateinischen und deutschen Annalen und Ludwig Hains Repertorium bibliographicum

Guardado en:
Detalles Bibliográficos
Autor principal: Burger, Konrad (Autor)
Formato: Libro
Lenguaje:latín
español
alemán
Publicado: Leipzig Karl W. Hiersemann 1908
Edición:1a. ed
Materias:
Etiquetas: Agregar Etiqueta
Sin Etiquetas, Sea el primero en etiquetar este registro!

MARC

LEADER 00000nam a2200000 a 4500
001 UCJ7405
003 CL-VaPUC
008 070124e19080000GW |||||||||||||||||lat|d
041 0 7 |a lat  |2 CL-VaPUC 
041 0 7 |a spa  |2 CL-VaPUC 
041 0 7 |a ger  |2 CL-VaPUC 
082 0 4 |a 011  |b BUR  |2 21 
100 0 |a Burger, Konrad  |e author  |9 515755 
245 1 0 |a Supplement zu Hain und Panzer. Beiträge zur Inkunabelbibliographie. Nummernconcordanz von Panzers lateinischen und deutschen Annalen und Ludwig Hains Repertorium bibliographicum 
250 |a 1a. ed 
300 |a vii, 440 p 
942 |c BK 
945 |d 20070124 00:00:00  |a rinostro 
260 |a Leipzig  |b Karl W. Hiersemann  |c 1908 
650 7 |a BIBLIOGRAFIA  |2 CL-VaPUC  |9 256175 
650 7 |a INCUNABLES  |2 CL-VaPUC  |9 372725 
650 7 |a CATALOGO BIBLIOGRAFICO  |2 CL-VaPUC  |9 507992 
583 |a last modification  |c 20070124 00:00:00  |k Rodrigo Vera 
999 |c 323490  |d 323488 
952 |0 0  |1 0  |4 0  |6 011_000000000000000_BUR_1908  |7 0  |8 X  |9 403159  |a FDOBUD  |b FDOBUD  |d 2019-11-22  |i 1063413  |o 011 BUR 1908  |p 1063413  |r 2019-11-22  |w 2019-11-22  |y BK_X  |k BUD